MDQL
is popping MORE tags! Check the
thread
!
Quizzes
Events
Quiz Creation
Community
Videos
Private Events
Remove Ads
Sign In
Join for FREE
Feedback
Dark Mode
Quiz Categories
Sports
Geography
Music
Movies
Television
Just For Fun
Miscellaneous
History
Literature
Language
Science
Gaming
Entertainment
Religion
Holiday
For Kids
Quiz Lab
Recent
Popular Today
Quiz Kudos Today
Editor Picks
Curator Picks
Quizzes by...
Day
Popularity
Type
Ratings
Length
Year
Community
Subscriptions
Recent Discussions
Orange Saloon
Badges
Playlists
Quests
Create
Leaderboards
Showdown
Live 5
Trivia Bingo
Activity
Puzzle Library
Sporcle Events
Private Events
Virtual Trivia
Globe League
Become a Host
Pub Owners
SporcleCon
Opinionation
Our Games
Videos
Blog
Mobile Apps
Partnerships
Remove Ads and Go Orange
Feedback
Music
Pop Music
The Beatles
Song
Album
Lyrics
Bands
Singers
Artist
Clip
Rock
Rap
Classical
Billboard
Country Music
Kpop
Taylor Swift
Music
Pop Music
The Beatles
Song
Album
Lyrics
Bands
Singers
Artist
Clip
Rock
Rap
Classical
Billboard
Country Music
Kpop
Taylor Swift
Random Quiz
Search Sporcle
×
Quiz Lab
Quiz Lab
Music
Musician
Type in answers that appear in a list
Type in answers that appear in a list
Classic
Best Score? Go Orange.
What Musician Am I? Stats
Can you name the musician I am?
By
Space_oddity
4m
20 Questions
749 Plays
749 Plays
749 Plays
Comments
Comments
Give Quiz Kudos
Give Quiz Kudos
-
- Ratings
hide this ad
Forced Order
Answers have to be entered in order
Answers have to be entered in order
Random Order
Randomize order of answers
Randomize order of answers
Replay
Link that replays current quiz
Next Quiz
Link to next quiz in quiz playlist
You Got
0%
They Got
Avg Score
52%
Avg Friend Score
Upgrade to see
Score Distribution
Jump to the score distribution portion of the page
Score
0/20
Timer
04:00
0
Plays Today
Clue
Musician
% Correct
I'm the King of Pop. I began singing in a band with my brothers in 1964. I am...
Michael Jackson
87.2%
My band and I popularized 'grunge' in the 90's. At the age of 27 I committed suicide although some people suspect foul play. I am...
Kurt Cobain
81.8%
I am usually considered to be the greatest electric guitarist in the history of rock. In 1969 I headlined Woodstock. A year later I died in London at the age of 27. I am...
Jimi Hendrix
80.2%
I am the King. I have had 14 Grammy nominations and 3 wins and a Grammy Lifetime Achievement Award. I died on August 16 at 42. I am...
Elvis Presley
80%
I was knighted by the Queen in 1998. My single 'Candle in the Wind 1997' is the best selling single of all time. I am...
Elton John
78.8%
Many consider me to me one of the greatest rappers of all time. I died in 1996 after being shot four times in a drive by in Las Vegas. I am...
Tupac
74.9%
I was born in Zanzibar in 1946 and died of AIDS in London in 1991. 'I'm just a musical prostitute, my dear'. I am...
Freddie Mercury
68.9%
I am one of the pioneers of rock music. My guitars are played by millions all over the world. I died at the age of 94 in August 2009. I am...
Les Paul
61%
I was born in 1947 and became famous as a rock messiah from Mars. I am also known as the Thin White Duke. I have acted in several movies. I am...
David Bowie
56.5%
Although I am best known as a singer, I have had four books of my poetry published. I died in Paris in 1971. You might know me as the Lizard King. I am...
Jim Morrison
53.5%
Clue
Musician
% Correct
I was often refered to as the quiet one in my band. I am number 21 in Rolling Stone's list of '100 Greatest Guitarists of All Time' I died of cancer in 2001. I am...
George Harrison
50.6%
I died in 1995 at age 53. I was inducted into the Rock and Roll Hall of Fame along with my band in 1994. I have an ice cream flavour named after me. I am...
Jerry Garcia
49.8%
Some people belive my stage name came from the state of my teeth. I was one of the figure heads of the punk movement. My band only released one album. I am...
Johnny Rotten
48.1%
My band has been together since 1962. I have writted and recorded hundreds of songs with them. In 2007 i sustained a head injury after falling out of a tree. I am...
Keith Richards
38.3%
I am best known for my high energy performances and the trademark scarves that I tie to my microphone stand. I play the piano, harmonica, and several other instruments. I am...
Steven Tyler
34.8%
I was born Saul Hudson in 1965. I am best known for my guitar work. My mother was a costume designer for David Bowie and many other muscians and actors. I am...
Slash
26.6%
I was born on August 23, 1946. I was infamous for my drug use and blowing up toilets. I once passed out on stage after taking a large amout of tranquilizer pills. I am...
Keith Moon
25.6%
Although I only appeared on two of their albums, the band that I helped found became very famous. Many people believe that I suffered from schizophrenia. I am...
Syd Barrett
25%
I was born in Texas in 1943. I drove a psychedelically painted Porsche and performed at Woodstock with my band. I am...
Janis Joplin
21.6%
I am an Irish singer best known for my work with Damien Rice. My first solo album came out in 2008. I am...
Lisa Hannigan
4.1%
Quiz Playlist
Details
Report
Send in Message
Add To Playlist
Classic:
Type in answers that appear in a list
Forced Order:
Answers have to be entered in order
Random Order:
Randomize order of answers
Last Updated: Feb 16, 2017
Quiz Scoreboard
CHALLENGE
Sign Up to Join the Scoreboard
Show All
Scores
Hide
Comments
May contain spoilers
Recently Published
1-10 Letter E Words III
by El_Dandy
Language
2m
Street Fighter Characters
by Artimus82
Gaming
60s
College Basketball Coaching Resumes
by pancakes188
Sports
9m
More to Explore
Quiz From the Vault
Featured Blog Post
Where Did the Easter Bunny Come From?
hide this ad
You Might Also Like...
Tags
Musician
Today's Top Quizzes in Music
Browse Music
hide this ad
Today's Top Quizzes in Musician
Browse Musician
Top Contributed Quizzes in Music
1
Taylor Swift All Songs (2024)
2
Taylor Swift Logic Puzzle
3
Guess the Artist- 70s Songs
4
7-to-1: Billboard Hot 100 #1 Hits of 2010s
5
Sorting Albums and Songs
6
KPOP LOGIC QUIZ
7
Billboard Blitz: Aretha Franklin
8
Guess the Taylor Swift song (Mystery Song)
9
Guess The Taylor Swift Lyrics Song #1
10
Billboard Blitz: ABBA
Explore More
Trending Topics
Kpop
Disney
NBA
Crossword
Harry Potter
Marvel
Anime
Puzzle
Song
The Office
Soccer
Pokémon
NFL
WWE
Country
hide this ad
More By:
Space_oddity
Quiz
Plays
Rating
Category
Featured
Created
David Bowie Songs by Opening Lyrics
3,065
4.06
Music
Nov 3, 2009
What Band Am I?
2,076
4.24
Music
Nov 19, 2009
Guess the Lyrics- Pink Floyd
1,040
2.43
Music
Feb 12, 2010
What Musician Am I?
749
4.36
Music
Nov 21, 2009
Cockney/ Surreal Alphabet
28
1.00
Language
Nov 14, 2009
Go to Creator's Profile
Score Distribution
Quiz Creator Spotlight
Space_oddity
Follow
Send a Message
Quizzes Created
-
Created Quiz Play Count
-
More By This Creator
Popular Quizzes Today
1
Find the US States - No Outlines Minefield
2
Find the Countries of Europe - No Outlines Minefield
3
The Countries of the World
4
Find the US States
5
Risky Map Clicking: Biggest States A-Z
6
US States
7
Popular People in 1961
8
Movies - When Are They Set?
More Music Quizzes
Bands from London, UK: Albums 8 to 1 (II)
Quiz Lab
Trending Quizzes
Risky Map Clicking: Least Populous States A-Z
1-10 Letter G Words
USA Borders Longest to Shortest
1-10 Letter F Words
Countries of the World: 200 Million BC
Recently Updated
Leaping Animals
pecheneg
Reality TV Shows (A-Z)
bhenderson79
Rickey Henderson's Hall of Fame Teammates
pecheneg
Champions League XIs: Arsenal
pecheneg
Quick Pick: Celebrities in WWE's Hall of Fame
aduchscher
A-Z Keypad Blitz II
pecheneg
Multiple Oscar Actors
pecheneg
Mystery Phrase Blitz: Oscar 'Best Actors'
pecheneg
F. Scott Fitzgerald Novels
LTH
Pick 3 Villains
ddd62291
Trending Topics
Disney
Marvel
Harry Potter
NBA
Kpop
Anime
Crossword
WWE
Country
Puzzle
Pokémon
NFL
Song
Soccer
The Office
Your Account Isn't Verified!
In order to create a playlist on Sporcle, you need to verify the email address you used during registration. Go to your
Sporcle Settings
to finish the process.
Report this User
Report this user for behavior that violates our
Community Guidelines
.
Details:
Send Report
Go to the Sporcle.com Mobile Site →
Comments